Break strategy (Record no. 80724)
[ view plain ]
| 000 -LEADER | |
|---|---|
| fixed length control field | 01010cab a22001935a 4500 |
| 001 - CONTROL NUMBER | |
| control field | L145160 |
| 008 - FIXED-LENGTH DATA ELEMENTS--GENERAL INFORMATION | |
| fixed length control field | 080911s2008 xxk f 000 0 eng d |
| 035 ## - SYSTEM CONTROL NUMBER | |
| System control number | (Sirsi) u145160 |
| 041 0# - LANGUAGE CODE | |
| Language code of text/sound track or separate title | eng |
| 100 1# - MAIN ENTRY--PERSONAL NAME | |
| Personal name | Cooke, Howard |
| 245 00 - TITLE STATEMENT | |
| Title | Break strategy |
| Remainder of title | the key to breaking out |
| 260 ## - PUBLICATION, DISTRIBUTION, ETC. | |
| Date of publication, distribution, etc. | 2008 |
| 490 #0 - SERIES STATEMENT | |
| Series statement | Journal of Corporate Real Estate |
| Volume/sequential designation | 10(2) 2008, 110-120(11) |
| 520 ## - SUMMARY, ETC. | |
| Summary, etc. | Considers the problem caused by using of break clauses in commercial leases which, are a result of longer lease terms. Highlights the issues involved so that Corporate Real Estate Managers or advisors can avoid or minimise the risks involved. Finds that for commercial occupiers, the operation of a break clause can be very problematic and that its successful use requires a strategy to be in place well in advance of the break date. |
| 590 ## - LOCAL NOTE (RLIN) | |
| Local note | KA NTK |
| 651 #4 - SUBJECT ADDED ENTRY--GEOGRAPHIC NAME | |
| Geographic name | United Kingdom |
| Chronological subdivision | |
| 690 ## - LOCAL SUBJECT ADDED ENTRY--TOPICAL TERM (OCLC, RLIN) | |
| Topical term or geographic name as entry element | PROPERTY-COMMERCIAL PROPERTY-LEASEHOLD COMMERCIAL PROPERTY-COMMERCIAL LANDLORD AND TENANT-COMMERCIAL LEASES |
| 942 ## - ADDED ENTRY ELEMENTS (KOHA) | |
| Suppress in OPAC | 0 |
| Withdrawn status | Lost status | Source of classification or shelving scheme | Damaged status | Not for loan | Home library | Current library | Shelving location | Date acquired | Total Checkouts | Full call number | Barcode | Date last seen | Copy number | Price effective from | Koha item type |
|---|---|---|---|---|---|---|---|---|---|---|---|---|---|---|---|
| Dewey Decimal Classification | London | London | Journal article | 11/09/2008 | L145160 | 145160-1001 | 06/08/2019 | 1 | 06/08/2019 | Journal article |